BOREAS HYD-9 hourly and daily rainfall maps for the southern study area /

Bibliographic Details
Main Author: Eley, F. Joe
Corporate Author: Goddard Space Flight Center
Other Authors: Krauss, Terry W.
Format: Government Document Book
Language:English
Published: Greenbelt, Md. : National Aeronautics and Space Administration, Goddard Space Flight Center, [2000]
Series:Technical report series on the Boreal Ecosystem-Atmosphere Study (BOREAS) ; 41.
NASA technical memorandum ; 209891.
Subjects:
Online Access:https://purl.fdlp.gov/GPO/LPS68991

MARC

Tag First Indicator Second Indicator Subfields
LEADER 00000cam a2200000Ka 4500
001 in00002196021
005 20211202204134.0
006 m d f
008 060418s2000 mdu sb f000 0 eng d
035 |a (OCoLC)ocm66909974 
040 |a GPO  |c GPO  |d MvI  |d UtOrBLW 
049 |a WWW 
074 |a 0830-D (online) 
086 0 |a NAS 1.15:209891/VOL 41 
100 1 |a Eley, F. Joe. 
245 1 0 |a BOREAS HYD-9 hourly and daily rainfall maps for the southern study area /  |c F.J. Eley and T.W. Krauss. 
264 1 |a Greenbelt, Md. :  |b National Aeronautics and Space Administration, Goddard Space Flight Center,  |c [2000] 
300 |a 1 volume :  |b digital, PDF file. 
336 |a text  |b txt  |2 rdacontent 
337 |a computer  |b c  |2 rdamedia 
338 |a unspecified  |b zu  |2 rdacarrier 
490 1 |a Technical report series on the Boreal Ecosystem-Atmosphere Study (BOREAS) ;  |v 41 
490 1 |a NASA/TM ;  |v 2000-209891, v. 41 
500 |a "July 2000." 
500 |a Title from title screen (viewed on April 18, 2006). 
504 |a Includes bibliographical references. 
538 |a Mode of access: Internet from the NTRS web site. Address as of 4/18/06: http://ntrs.nasa.gov/archive/nasa/casi.ntrs.nasa.gov/20000116640%5F2000167009.pdf; current access is available via PURL. 
500 |a Electronic resource. 
650 7 |a Air land interactions.  |2 nasat 
650 7 |a Forests.  |2 nasat 
650 7 |a Rain.  |2 nasat 
700 1 |a Krauss, Terry W. 
710 2 |a Goddard Space Flight Center. 
830 0 |a Technical report series on the Boreal Ecosystem-Atmosphere Study (BOREAS) ;  |v 41. 
830 0 |a NASA technical memorandum ;  |v 209891. 
856 4 0 |u https://purl.fdlp.gov/GPO/LPS68991  |t 0 
999 |a MARS 
999 f f |s f512adef-8125-323e-9cff-b51de6f07250  |i d7625b91-68c9-30e0-b2de-eb6457a13ea3  |t 0 
952 f f |a Texas A&M University  |b College Station  |c Electronic Resources  |d Available Online  |t 0  |e NAS 1.15:209891/VOL 41  |h Superintendent of Documents classification 
998 f f |a NAS 1.15:209891/VOL 41  |t 0  |l Available Online